Sports Journalism/ (Record no. 142260)

000 -LEADER
fixed length control field 00407nam a22001577a 4500
020 ## - INTERNATIONAL STANDARD BOOK NUMBER
International Standard Book Number 9789380536575
082 ## - DEWEY DECIMAL CLASSIFICATION NUMBER
Classification number 070.449 796
Item number KCT/S
100 ## - MAIN ENTRY--PERSONAL NAME
Personal name K C Thakur
9 (RLIN) 172372
245 ## - TITLE STATEMENT
Title Sports Journalism/
Statement of responsibility, etc. by K C Thakur
260 ## - PUBLICATION, DISTRIBUTION, ETC.
Place of publication, distribution, etc. Newdelhi:
Name of publisher, distributor, etc. Cyber Tech,
Date of publication, distribution, etc. 2018.
300 ## - PHYSICAL DESCRIPTION
Extent 304p.
650 ## - SUBJECT ADDED ENTRY--TOPICAL TERM
Topical term or geographic name entry element Sports Journalism
9 (RLIN) 172373
650 ## - SUBJECT ADDED ENTRY--TOPICAL TERM
Topical term or geographic name entry element Sports News
9 (RLIN) 172374
650 ## - SUBJECT ADDED ENTRY--TOPICAL TERM
Topical term or geographic name entry element Journalism
9 (RLIN) 172375
942 ## - ADDED ENTRY ELEMENTS (KOHA)
Koha item type Book
Holdings
Withdrawn status Lost status Damaged status Not for loan Permanent Location Current Location Shelving location Date acquired Cost, normal purchase price Total Checkouts Full call number Barcode Date last seen Price effective from Koha item type
        Sree Sankaracharya University of Sanskrit Sree Sankaracharya University of Sanskrit Stacks 06.08.2019 1800.00   070.449 796 KCT/S 095583 06.08.2019 06.08.2019 Book